Statistics for NFL - 2013 Denver Broncos - All Time Best Offense

Click here to take the quiz!

General Stats

  • This quiz has been taken 38 times
  • The average score is 6 of 22

Answer Stats

HintAnswer% Correct
QBPeyton Manning
100%
WRDemaryius Thomas
95%
TEJulius Thomas
90%
LBVon Miller
62%
WRWes Welker
52%
WREric Decker
43%
CBChris Harris Jr.
33%
DEDerek Wolfe
24%
RBKnowshon Moreno
24%
MLBWesley Woodyard
14%
LBDanny Trevathan
10%
CBDominique Rodgers-Cromartie
10%
SSDuke Ihenacho
10%
DTKevin Vickerson
10%
FSRahim Moore
10%
DEShaun Phillips
10%
DTTerrance Knighton
10%
LTChris Clark
5%
RGLouis Vasquez
5%
CManuel Ramirez
5%
RTOrlando Franklin
5%
LGZane Beadles
5%

Score Distribution

Percentile by Number Answered

Percent of People with Each Score

Your Score History

You have not taken this quiz